000 00463nam a22001817a 4500
005 20180710101413.0
008 160525b xxu||||| |||| 00| 0 eng d
020 _a978-81-261-4184-5
041 _aeng
082 _b4806
_a658.15
100 _a Bhalla, V.K.
_94494
245 _aFINANCIAL MANAGEMENT AND POLICY:text and cases
250 _a8th ed.
260 _aNew Delhi
_bAcademic Faundation
300 _a1136p,
650 _aManagement
_9241
942 _cBK
999 _c1638
_d1637